Online
Catalog

La historia de Christina Onassis / (Record no. 18363)

MARC details
000 -CABECERA
campo de control de longitud fija 00784nam a2200217 a 4500
001 - NÚMERO DE CONTROL
campo de control 000018843
005 - FECHA Y HORA DE LA ÚLTIMA TRANSACCIÓN
campo de control 20200929165850.0
008 - DATOS DE LONGITUD FIJA--INFORMACIÓN GENERAL
campo de control de longitud fija 100519s1990 ag 000 f spa d
020 ## - NÚMERO INTERNACIONAL ESTÁNDAR DEL LIBRO
Número Internacional Estándar del Libro 9501509842
040 ## - FUENTE DE LA CATALOGACIÓN
Centro catalogador/agencia de origen DO-SdBNP
Lengua de catalogación spa
Centro/agencia transcriptor BNPHU
041 17 - CÓDIGO DE LENGUA
Código de lengua del texto/banda sonora o título independiente spa
Código de lengua original eng
082 ## - NÚMERO DE LA CLASIFICACIÓN DECIMAL DEWEY
Número de clasificación 920.73
Número de documento/Ítem O583D
100 1# - ENTRADA PRINCIPAL--NOMBRE DE PERSONA
Nombre de persona Dempster, Nigel,
Fechas asociadas al nombre 1941-
9 (RLIN) 40601
240 10 - TÍTULO UNIFORME
Título uniforme Heiress. the story of christina onassis.
Lenguaje de la obra Español.
245 13 - MENCIÓN DE TÍTULO
Título La historia de Christina Onassis /
Mención de responsabilidad, etc. Nigel Dempster ; traducción de Edith Zilli.
260 ## - PUBLICACIÓN, DISTRIBUCIÓN, ETC.
Lugar de publicación, distribución, etc. Buenos Aires :
Nombre del editor, distribuidor, etc. Javier Vergara,
Fecha de publicación, distribución, etc. 1990.
300 ## - DESCRIPCIÓN FÍSICA
Extensión 278 p. ;
Dimensiones 22 cm.
534 ## - NOTA SOBRE LA VERSIÓN ORIGINAL
Frase introductoria Título original en inglés:
Mención de título del original Heiress. the story of christina onassis.
Publicación, distribución, etc. del original Weidenfeld & Nicolson.
650 #4 - PUNTO DE ACCESO ADICIONAL DE MATERIA--TÉRMINO DE MATERIA
Término de materia o nombre geográfico como elemento de entrada Onassis, christina,
Fechas vigentes 1950-1988
9 (RLIN) 40602
700 1# - PUNTO DE ACCESO ADICIONAL--NOMBRE DE PERSONA
Nombre de persona Zilli, Edith,
Término indicativo de función/relación tr.
9 (RLIN) 3228
Holdings
Estado de retiro Estado de pérdida Restricciones de uso No para préstamo Código de colección Localización permanente Ubicación/localización actual Ubicación en estantería Fecha de adquisición Número de inventario Total de préstamos Signatura topográfica completa Código de barras Fecha visto por última vez Precio válido a partir de Tipo de ítem Koha Número de copia
      Excluido de préstamo Monografías: Libros y Folletos General General Depósito 19.05.2010 LF1   920.73 O583D 18843-10 25.06.2020 25.06.2020 No se presta  
  Extraviado   Excluido de préstamo Monografías: Libros y Folletos General General Extraviado 04.04.2017 LF1   920.73 O583D 18843-20 25.06.2020 25.06.2020 No se presta e. 2

Powered by Koha